Exposición / [por] Instituto de Investigaciones Eléctricas

Gespeichert in:
Bibliographische Detailangaben
Körperschaft: Instituto de Investigaciones Eléctricas
Format: Buch
Schlagworte:
Tags: Tag hinzufügen
Keine Tags, Fügen Sie das erste Tag hinzu!

MARC

LEADER 00000nam^a2200000^u^4500
001 000539040
005 20250521000000.0
008 060220s1000^^^^^^^^^^^^r^^^^^000^0^spa^d
009 20260310131134.488
035 |a FMI 000006055 
037 |a Acervo Xavier Clavigero 
096 |a 8.7.1/51/D 
110 |a Instituto de Investigaciones Eléctricas 
245 1 0 |a Exposición / [por] Instituto de Investigaciones Eléctricas 
264 |a Estado de Morelos : Privada, 1989 
300 |a 24 p. 
336 |a texto  |b txt  |2 rdacontenido 
337 |a sin mediación  |b n  |2 rdamedio 
338 |a volumen  |b nc  |2 rdasoporte 
597 |a Centros de Investigación Establecidos en el Estado de Morelos 
649 |a XX 
650 |a EDUCACION 
910 |a Fondo Francisco Migoya Covarrubias S.J. 
920 |a Impresos - Libros 
930 |a Fondos Especiales 
905 |a 134 
901 |a SBC09900  |b IT2  |c ESP  |u 20250521 
902 |a https://opac.biblio.iteso.mx/vufind/Record/000539040